| 000 | 00566nam a2200193 a 4500 | ||
|---|---|---|---|
| 003 | SISC | ||
| 005 | 20170228151212.0 | ||
| 008 | 111021s19uu xx 00 eng d | ||
| 020 | _a9789713704078 | ||
| 050 |
_aHF 5548.4 _b.V834 2011 |
||
| 245 |
_aVisual guide : _bmicrosoft excel 2010 / |
||
| 260 |
_bPhilippines : _cJemma Development Group, _a2011. |
||
| 300 |
_a158 pages : _billustrations ; _c27 cm. |
||
| 500 | _aIncludes bibliographical references. | ||
| 650 | _aMicrosoft office. | ||
| 650 | _aMicrosoft excel. | ||
| 942 |
_cBK _2lcc _kLOC |
||
| 999 |
_c24556 _d24556 |
||